All Alpha Cities - Statistics

General Stats
  • This quiz has been taken 325 times
  • The average score is 34 of 45
Answer Stats
Hint Answer % Correct
Alpha++ London
100%
Alpha++ New York
100%
Al­pha+ Paris
98%
Al­pha+ Tokyo
97%
Al­pha Los Angeles
96%
Al­pha+ Beijing
94%
Al­pha Moscow
90%
Al­pha+ Shanghai
90%
Alpha+ Sydney
90%
Al­pha+ Hong Kong
89%
Al­pha Madrid
89%
Al­pha Toronto
89%
Al­pha Mexico City
87%
Al­pha Chicago
86%
Alpha- San Francisco
83%
Al­pha+ Singapore
83%
Alpha- New Delhi
80%
Alpha- Istanbul
79%
Al­pha São Paulo
79%
Alpha- Seoul
78%
Al­pha Milan
77%
Al­pha Mumbai
76%
Alpha- Buenos Aires
75%
Alpha- Miami
75%
Alpha Amsterdam
74%
Alpha+ Dubai
73%
Al­pha Frankfurt
73%
Alpha- Washington, D.C.
73%
Alpha- Barcelona
72%
Alpha- Bangkok
70%
Alpha- Jakarta
70%
Alpha- Melbourne
70%
Alpha- Boston
66%
Alpha- Johannesburg
65%
Alpha- Stockholm
65%
Alpha- Munich
64%
Alpha Brussels
63%
Alpha- Vienna
55%
Alpha- Zurich
55%
Alpha Kuala Lumpur
54%
Alpha- Atlanta
48%
Alpha- Dublin
48%
Alpha- Warsaw
47%
Alpha- Taipei
46%
Alpha- Prague
40%
No matching quizzes found
Score Distribution
Percent of People with Each Score
Percentile by Number Answered
Your Score History
You have not taken this quiz